Ochrana hospodárskej súťaže v Európskej únii diplomová práca

Gespeichert in:
Bibliographische Detailangaben
1. Verfasser: Ďuržová, Dana
Körperschaft: Obchodná fakulta EU. Katedra medzinárodného obchodu
Weitere Verfasser: Sabo, Mikuláš
Format: Buch
Sprache:Slowakisch
Veröffentlicht: Bratislava 2009
Tags: Tag hinzufügen
Keine Tags, Fügen Sie das erste Tag hinzu!

MARC

LEADER 00000nam$a2200000$$$4500
001 0100604
005 20240318133750.0
041 0 |a slo 
044 |a SK 
245 1 0 |a Ochrana hospodárskej súťaže v Európskej únii  |b diplomová práca  |c Dana Ďuržová ; škol. Mikuláš Sabo 
264 1 |a Bratislava  |c 2009 
300 |a 90 s. 
100 1 |a Ďuržová, Dana 
700 1 |a Sabo, Mikuláš 
710 2 |a Obchodná fakulta EU. Katedra medzinárodného obchodu